Agua, tierra y algo más: Distrito de riego Arenal-Tempisque /
Gespeichert in:
| Körperschaften: | , |
|---|---|
| Format: | Text |
| Veröffentlicht: |
San José:
UCR. VVI. IIS
|
| Tags: |
Tag hinzufügen
Keine Tags, Fügen Sie den ersten Tag hinzu!
|
MARC
| LEADER | 00000 a a2200000 04500 | ||
|---|---|---|---|
| 001 | 30270 | ||
| 003 | |||
| 040 | |||
| 090 | |b RECURSO ELECTROMAGNETICO | ||
| 110 | |a Universidad de Costa Rica. Vicerrectoria de Investigación. Instituto de Investigaciones Sociales | ||
| 245 | |a Agua, tierra y algo más: Distrito de riego Arenal-Tempisque / |c Universidad de Costa Rica. Vicerrectoria de Investigación. Instituto de Investigaciones Sociales | ||
| 260 | |a San José: |b UCR. VVI. IIS | ||
| 500 | |a Relata las experiencias y el desarrollo agrícola productivo de Guanacaste con la creación del Proyecto Hidroelectrico Arenal-Tempisque | ||
| 710 | |a UCR. VVI. IIS | ||
| 999 | |c 12327 |d 12327 | ||
